000 01676nam0a2200349 i 4500
001 RU\NLR\BIBL_A\010466413
005 20240921101437.0
010 _a9785227053992
_92500
021 _aRU
_b2014-50028
_93023
035 _a(NILC)RuMoRGB-007515196
035 _a(NLR Aleph) 010466413
090 _a10003110
_c10003110
100 _a20140924d2014 m y0rusy50 ca
101 1 _arus
_cfre
102 _aRU
105 _ab|||z||||00yy
200 1 _aБессмертным путем святого Иакова
_eо паломничестве к одной из трех величайших христианских святынь
_eпутевые заметки
_fЖан-Кристоф Рюфен
_g[пер. с фр. И. А. Петровской]
210 _aМосква
_cЦентрполиграф
_d2014
215 _a254, [1] с.
_cкарта
_d21
225 1 _aПутевые заметки
300 _aЗагл. и авт. ориг.: Immortelle randonneé / Jean-Christophe Rufin
300 _aНа обл. авт.: Жан-Кристоф Рюфен, лауреат Гонкуровской премии
454 1 _12001#$aImmortelle randonneé$fJean-Christophe Rufin
_1700#1$aRufin$bJ.-C.$gJean-Christophe
_tImmortelle randonneé
_aRufin, Jean-Christophe
606 1 _aПаломничества
_yСантьяго-де-Компостела, город (Испания)
_92302208
_3RU\NLR\AUTH\661378269
686 2 _aЭ375-39(4Ис)-576
700 1 _aРюфен
_bЖ.-К.
_gЖан-Кристоф
801 0 _aRU
_bРГБ
_c20140703
_gRCR
942 _cBOOK
980 _aNBR